000 00178 a2200097 4500
020 _a9788426446510
041 _aspa
100 _aLionni, Leo
245 _aFrederick
942 _cBK
999 _c29772
_d29770